|
|
|
|
| LEADER |
00000nam a2200000Ii 4500 |
| 001 |
DIGOLEJNK0894 |
| 003 |
NyNyDIG |
| 006 |
m o d |
| 007 |
cr ||||||||||| |
| 008 |
221019s2019 cl o 000 0 spa d |
| 035 |
|
|
|a (OCoLC)1350507327
|
| 040 |
|
|
|a DGITA
|b eng
|e rda
|e pn
|c DGITA
|
| 020 |
|
|
|z 9789563921984
|
| 041 |
1 |
|
|a spa
|h fre
|
| 043 |
|
|
|a e-fr---
|
| 050 |
1 |
4 |
|a KJV1704 ebook
|
| 100 |
1 |
|
|a Hilsenrad, A.
|q (Arthur),
|e author.
|
| 245 |
1 |
4 |
|a Las obligaciones precontractuales /
|c Arthur Hilsenrad ; prólogo de René Demogue ; traducción del francés por Faustino Menéndez Pidal.
|
| 264 |
|
1 |
|a Santiago, Chile :
|b Ediciones Olejnik,
|c [2019]
|
| 300 |
|
|
|a 1 online resource.
|
| 336 |
|
|
|a text
|b txt
|2 rdacontent
|
| 337 |
|
|
|a computer
|b c
|2 rdamedia
|
| 338 |
|
|
|a online resource
|b cr
|2 rdacarrier
|
| 347 |
|
|
|a text file
|2 rdaft
|
| 347 |
|
|
|b PDF
|
| 490 |
1 |
|
|a Biblioteca de derecho privado
|
| 588 |
0 |
|
|a Online resource; title from PDF title page (Digitalia, viewed October 19, 2022)
|
| 650 |
|
0 |
|a Contracts
|z France.
|
| 650 |
|
0 |
|a Accident law
|z France.
|
| 655 |
|
0 |
|a Electronic books.
|
| 700 |
1 |
|
|a Demogue, René,
|d 1872-1938,
|e contributor agent of text.
|
| 700 |
1 |
|
|a Menéndez-Pidal y de Montes, Faustino,
|e translator.
|
| 791 |
2 |
|
|a Digitalia (Firm),
|e distributor.
|
| 793 |
0 |
|
|g Digitalia eBook Collection:
|a Ediciones Olejnik
|
| 776 |
0 |
8 |
|i Print version:
|a Hilsenrad, A. (Arthur).
|t Obligaciones precontractuales.
|d Santiago, Chile : Ediciones Olejnik, 2019
|z 9789563921984
|
| 830 |
|
0 |
|a Biblioteca de derecho privado.
|
| 856 |
4 |
0 |
|3 Digitalia Hispánica
|u https://www.digitaliapublishing.com/a/104922/
|
| 910 |
|
|
|a Premium collection: 2022
|